| 000 | 00569nmm a2200169Ia 4500 | ||
|---|---|---|---|
| 008 | 251105s9999||||xx |||||||||||||||||und|| | ||
| 020 | _a1882528271 | ||
| 041 | _aeng | ||
| 100 | _aSeaver, Paul W. Jr. (ed. and intro) | ||
| 245 | 0 | _aSelected proceedings of the first International Conference on Hispanic Humor | |
| 264 |
_a[Washington, Estados Unidos] : _bScripta Humanistica, _c1998 |
||
| 300 | _a163 páginas | ||
| 490 | _aLatin American Literature | ||
| 650 | _aLatin American literature | ||
| 856 | _uhttps://public.digitaliapublishing.com/a/278 | ||
| 942 | _cCF | ||
| 999 |
_c73003 _d73003 |
||